| 000 | 00696nam a2200241 a 4500 | ||
|---|---|---|---|
| 005 | 20210219153534.0 | ||
| 008 | 991125n 000 0 eng u | ||
| 035 | _aUPN01000105335 | ||
| 100 | _aLOWST, Carol | ||
| 222 | _aHARVARD EDUCATIONAL REVIEW | ||
| 245 | _aWounding the spirit: discrimination and traditional american indian belief systems | ||
| 260 | _aMASSACHUSETTS, EUA | ||
| 300 | _a315-330 | ||
| 362 | _a1988 Vol. 58, no. 3, ago. | ||
| 653 | 0 | _aACCESO A LA EDUCACION | |
| 653 | 0 | _aDISCRIMINACION RACIAL | |
| 653 | 0 | _aESTADOS UNIDOS DE AMERICA | |
| 653 | 0 | _aINDIGENAS | |
| 653 | 0 | _aRELIGION | |
| 653 | 0 | _aSERVICIOS DE SALUD | |
| 904 |
_aAC _b043146 |
||
| 905 | _aArticulo | ||
| 999 |
_c79432 _d79432 |
||